USING EXCEL FOR BUSINESS ANALYSIS A GUID (Record no. 23061)
[ view plain ]
| 000 -LEADER | |
|---|---|
| fixed length control field | 00358nam a2200133Ia 4500 |
| 008 - FIXED-LENGTH DATA ELEMENTS--GENERAL INFORMATION | |
| fixed length control field | 240624s9999 xx 000 0 und d |
| 041 ## - LANGUAGE CODE | |
| Language code of text/sound track or separate title | eng |
| 082 ## - DEWEY DECIMAL CLASSIFICATION NUMBER | |
| Classification number | 005.54 FAI |
| 100 ## - MAIN ENTRY--PERSONAL NAME | |
| Personal name | FAIRHURST DANIELLE STEIN |
| 245 ## - TITLE STATEMENT | |
| Title | USING EXCEL FOR BUSINESS ANALYSIS A GUID |
| 260 ## - PUBLICATION, DISTRIBUTION, ETC. | |
| Date of publication, distribution, etc. | 2012 |
| Place of publication, distribution, etc. | New Delhi |
| Name of publisher, distributor, etc. | Wiley |
| 300 ## - PHYSICAL DESCRIPTION | |
| Extent | xii, : 324 : p. : cm. ; 23 |
| 365 ## - TRADE PRICE | |
| Currency code | RS |
| Price amount | 31 |
| Withdrawn status | Lost status | Damaged status | Not for loan | Home library | Current library | Shelving location | Date acquired | Source of acquisition | Cost, normal purchase price | Total Checkouts | Full call number | Barcode | Date last seen | Date last checked out | Copy number | Price effective from | Koha item type |
|---|---|---|---|---|---|---|---|---|---|---|---|---|---|---|---|---|---|
| IMTN | IMTN | Rack 3-A | 09/25/2014 | IBH | 799.00 | 1 | 005.54 FAI | 23061 | 08/18/2024 | 08/08/2024 | 1 | 06/24/2024 | Books |